[Event "RUS Cup Qualifier 5"]
[Site "chessassistantclub.com INT"]
[Date "2004.12.24"]
[Round "?"]
[White "Bocharov, Dmitry"]
[Black "Starosek, Konstantin"]
[Result "1-0"]
[WhiteElo "2569"]
[BlackElo "2488"]
[PlyCount "129"]
[EventDate "2004.12.24"]
[EventType "swiss (blitz)"]
[EventRounds "13"]
[EventCountry "RUS"]
[SourceTitle "CBM 104 Extra"]
[Source "ChessBase"]
[SourceDate "2005.03.01"]
[SourceVersion "1"]
[SourceVersionDate "2005.03.01"]
[SourceQuality "1"]

1. d4 g6 2. Nf3 f5 3. g3 Nf6 4. Bg2 Bg7 5. 0-0 0-0 6. c4 d6 7. Nc3 c6 8. d5 a5 9. Rb1 Bd7 10. b3 Qc7 11. Bb2 Na6 12. Nd4 Nc5 13. a3 e5 14. dxe6 Nxe6 15. Nxe6 Bxe6 16. e3 Rad8 17. Qc2 d5 18. cxd5 Nxd5 19. Rfd1 Nxc3 20. Bxc3 Qf7 21. Rxd8 Rxd8 22. Bxa5 Ra8 23. b4 Bd5 24. Bxd5 Qxd5 25. Rd1 Qe6 26. Rd3 h5 27. h4 Kh7 28. Qd1 Re8 29. Bb6 Re7 30. Bc5 Rf7 31. a4 Be5 32. a5 Bc7 33. Bd6 Bd8 34. Bf4 Be7 35. Bd6 Bf6 36. Bc5 Be5 37. Rd8 Bc7 38. Rd2 Be5 39. Bd4 Bd6 40. Qb1 Qc4 41. Rb2 f4 42. Rc2 Qxb4 43. Rb2 Qxa5 44. Rxb7 Qd5 45. Rxf7+ Qxf7 46. exf4 c5 47. Ba1 Bf8 48. Qb2 Qg8 49. Qe5 c4 50. Kf1 Bh6 51. Qc7+ Bg7 52. Qxg7+ Qxg7 53. Bxg7 Kxg7 54. Ke2 Kf7 55. Kd2 Ke6 56. Kc3 Kd5 57. f3 Kc5 58. g4 Kd5 59. Kc2 Kd4 60. f5 gxf5 61. g5 Ke5 62. Kc3 Kd5 63. f4 Kc5 64. g6 Kd5 65. g7 1-0

[Event "RUS Cup Qualifier 5"]
[Site "chessassistantclub.com INT"]
[Date "2004.12.24"]
[Round "?"]
[White "Kosintseva, Nadezhda"]
[Black "Starosek, Konstantin"]
[Result "1/2-1/2"]
[WhiteElo "2415"]
[BlackElo "2488"]
[PlyCount "120"]
[EventDate "2004.12.24"]
[EventType "swiss (blitz)"]
[EventRounds "13"]
[EventCountry "RUS"]
[SourceTitle "CBM 104 Extra"]
[Source "ChessBase"]
[SourceDate "2005.03.01"]
[SourceVersion "1"]
[SourceVersionDate "2005.03.01"]
[SourceQuality "1"]

1. e4 g6 2. d4 Bg7 3. Nc3 a6 4. f4 b5 5. Be2 Bb7 6. Bf3 e6 7. e5 Bxf3 8. Qxf3 Nc6 9. Nge2 Nge7 10. Be3 d5 11. 0-0 h5 12. Bf2 Nf5 13. Nd1 Bf8 14. c3 Na5 15. b3 Qc8 16. Ne3 Nxe3 17. Bxe3 c5 18. Kh1 c4 19. b4 Nb7 20. a4 a5 21. bxa5 b4 22. cxb4 Bxb4 23. Rab1 Bxa5 24. f5 gxf5 25. Nf4 h4 26. Nh5 Bd8 27. Bd2 Rxa4 28. Bb4 Kd7 29. Nf6+ Bxf6 30. exf6 Ra8 31. Be7 Qc7 32. Rb5 Na5 33. Rxd5+ Ke8 34. Rc5 Qb7 35. d5 Nb3 36. Rxc4 Nd2 37. Qc3 Nxc4 38. Qxc4 h3 39. Qc6+ Qxc6 40. dxc6 Rc8 41. Rc1 hxg2+ 42. Kxg2 Rh4 43. c7 Ra4 44. Bd8 Ra7 45. h4 Ra4 46. Kh3 Ra3+ 47. Kg2 Kd7 48. h5 Ra4 49. Rh1 Rg4+ 50. Kf3 Rxc7 51. Bxc7 Kxc7 52. h6 Rg8 53. h7 Rh8 54. Kf4 Kd6 55. Rd1+ Kc5 56. Rh1 Kd5 57. Rd1+ Kc4 58. Rh1 Kd5 59. Rd1+ Kc4 60. Rh1 Kd5 1/2-1/2

[Event "RUS Cup Qualifier 5"]
[Site "chessassistantclub.com INT"]
[Date "2004.12.24"]
[Round "?"]
[White "Starosek, Konstantin"]
[Black "Maslak, Konstantin"]
[Result "1-0"]
[WhiteElo "2488"]
[BlackElo "2460"]
[PlyCount "153"]
[EventDate "2004.12.24"]
[EventType "swiss (blitz)"]
[EventRounds "13"]
[EventCountry "RUS"]
[SourceTitle "CBM 104 Extra"]
[Source "ChessBase"]
[SourceDate "2005.03.01"]
[SourceVersion "1"]
[SourceVersionDate "2005.03.01"]
[SourceQuality "1"]

1. Nf3 d6 2. d4 Bg4 3. Nbd2 Nf6 4. e4 e6 5. c3 Be7 6. h3 Bh5 7. Bd3 d5 8. Qe2 Bg6 9. Ne5 Bxe4 10. Nxe4 dxe4 11. Bxe4 Nxe4 12. Qxe4 Qd5 13. Qg4 g6 14. Bh6 Nd7 15. Nxd7 Qxd7 16. 0-0 0-0-0 17. Rfe1 Rhg8 18. Bg5 h5 19. Qh4 Bxg5 20. Qxg5 Qc6 21. Re5 Rgf8 22. Qf4 Rd7 23. Rae1 Rfd8 24. Rc5 Qd6 25. Qf3 Kb8 26. a4 Qa6 27. a5 Qd6 28. b4 b6 29. a6 c6 30. Rxc6 Qd5 31. Qf4+ Ka8 32. Rc7 Qb5 33. Qf3+ Qd5 34. Qxd5+ Rxd5 35. Rxf7 R5d6 36. Rf6 Re8 37. Rxg6 b5 38. f4 Rxa6 39. f5 Rc6 40. Re3 Rec8 41. fxe6 Kb7 42. d5 Rd6 43. Rg7+ Kb6 44. Rg5 h4 45. e7 Re8 46. Rf5 Kc7 47. Rf8 Kd7 48. Rxe8 Kxe8 49. Re5 Rg6 50. Kf2 Rg3 51. d6 Rd3 52. Re6 Rd5 53. Kf3 Rd1 54. Kg4 Rd2 55. Kxh4 Rd5 56. g4 Rd1 57. Kh5 Rxd6 58. Rxd6 Kxe7 59. Ra6 Kd7 60. Rxa7+ Kc6 61. Ra5 Kd5 62. Rxb5+ Kc4 63. Rc5+ Kb3 64. b5 Ka4 65. b6 Kb3 66. b7 Kc2 67. b8Q Kd3 68. Qd6+ Kc2 69. Re5 Kb3 70. c4 Ka4 71. c5 Kb5 72. c6+ Ka6 73. c7+ Ka7 74. Ra5+ Kb7 75. Qd5+ Kb6 76. Qc5+ Kb7 77. c8Q# 1-0

[Event "RUS Cup Qualifier 5"]
[Site "chessassistantclub.com INT"]
[Date "2004.12.24"]
[Round "?"]
[White "Starosek, Konstantin"]
[Black "Turov, Maxim"]
[Result "1-0"]
[WhiteElo "2488"]
[BlackElo "2536"]
[PlyCount "89"]
[EventDate "2004.12.24"]
[EventType "swiss (blitz)"]
[EventRounds "13"]
[EventCountry "RUS"]
[SourceTitle "CBM 104 Extra"]
[Source "ChessBase"]
[SourceDate "2005.03.01"]
[SourceVersion "1"]
[SourceVersionDate "2005.03.01"]
[SourceQuality "1"]

1. Nf3 Nf6 2. g3 g6 3. Bg2 Bg7 4. 0-0 0-0 5. d4 d5 6. Be3 c6 7. h3 Re8 8. Qc1 Nbd7 9. Rd1 a5 10. c4 dxc4 11. Qxc4 Nb6 12. Qc1 Bf5 13. Nc3 Nfd5 14. Bh6 Nxc3 15. bxc3 Be4 16. Bxg7 Kxg7 17. c4 e6 18. Qc3 Na4 19. Qb3 b5 20. Ne5 Bxg2 21. Kxg2 Rc8 22. Rac1 f6 23. Ng4 Qd7 24. Qe3 Qe7 25. cxb5 cxb5 26. Rxc8 Rxc8 27. d5 Nc3 28. Rd3 b4 29. dxe6 Rc7 30. Qh6+ Kg8 31. Rd7 Rxd7 32. exd7 Nd5 33. Qd2 Qxd7 34. e4 h5 35. Nh6+ Kg7 36. exd5 a4 37. g4 b3 38. axb3 axb3 39. gxh5 b2 40. Ng4 b1Q 41. Qh6+ Kf7 42. Qh7+ Kf8 43. Qxd7 Qe4+ 44. f3 Qe2+ 45. Nf2 1-0

[Event "RUS Cup Qualifier 4"]
[Site "chessassistantclub.com INT"]
[Date "2004.11.25"]
[Round "?"]
[White "Kim, Sergey2222"]
[Black "Starosek, Konstantin"]
[Result "1-0"]
[WhiteElo "2280"]
[BlackElo "2488"]
[PlyCount "95"]
[EventDate "2004.11.25"]
[EventType "swiss (blitz)"]
[EventRounds "13"]
[EventCountry "RUS"]
[SourceTitle "CBM 103 Extra"]
[Source "ChessBase"]
[SourceDate "2005.01.01"]
[SourceVersion "1"]
[SourceVersionDate "2005.01.01"]
[SourceQuality "1"]

1. d4 Nf6 2. c4 d6 3. Nc3 Nbd7 4. e4 e5 5. d5 Be7 6. Be3 0-0 7. f3 Ne8 8. Qd2 h6 9. Nh3 Nb6 10. Nf2 Bg5 11. g3 Bxe3 12. Qxe3 f5 13. exf5 Bxf5 14. Be2 Nf6 15. 0-0 Nbd7 16. Bd3 Bxd3 17. Qxd3 Nc5 18. Qe3 a5 19. Kg2 Qd7 20. Rae1 b6 21. Re2 Qf5 22. g4 Qg6 23. h4 Nh5 24. Kh2 Nf4 25. Rd2 Rf7 26. Nfe4 Raf8 27. Nxc5 bxc5 28. Ne4 a4 29. Rdf2 h5 30. Rg1 hxg4 31. fxg4 Qh6 32. Qg3 Ng6 33. Rxf7 Rxf7 34. h5 Nf4 35. Qh4 Ne2 36. g5 Nxg1 37. Kxg1 Qh8 38. Qg4 Rf8 39. Qe6+ Kh7 40. g6+ Kh6 41. Qg4 Rf1+ 42. Kg2 Rf2+ 43. Kxf2 Qf8+ 44. Kg3 Qf4+ 45. Qxf4+ exf4+ 46. Kg4 f3 47. Ng5 f2 48. Nf7# 1-0

[Event "RUS Cup Qualifier 4"]
[Site "chessassistantclub.com INT"]
[Date "2004.11.25"]
[Round "?"]
[White "Poluljahov, Aleksandr"]
[Black "Starosek, Konstantin"]
[Result "1-0"]
[WhiteElo "2516"]
[BlackElo "2488"]
[PlyCount "127"]
[EventDate "2004.11.25"]
[EventType "swiss (blitz)"]
[EventRounds "13"]
[EventCountry "RUS"]
[SourceTitle "CBM 103 Extra"]
[Source "ChessBase"]
[SourceDate "2005.01.01"]
[SourceVersion "1"]
[SourceVersionDate "2005.01.01"]
[SourceQuality "1"]

1. d4 g6 2. e4 Bg7 3. c3 d6 4. Nf3 Nd7 5. Bd3 e5 6. 0-0 Ngf6 7. Re1 0-0 8. Nbd2 b6 9. a4 a6 10. Nf1 Bb7 11. Ng3 Re8 12. h3 h6 13. d5 Nh7 14. b4 h5 15. Be3 h4 16. Nf1 Rf8 17. Qc1 f5 18. Ng5 Nxg5 19. Bxg5 Bf6 20. Bd2 f4 21. Nh2 Bg7 22. Be2 Nf6 23. Bf3 Bc8 24. a5 b5 25. c4 bxc4 26. Qxc4 Bd7 27. Rac1 Ra7 28. Rc3 Bb5 29. Qb3 Rb7 30. Rec1 Nh7 31. Bg4 Ng5 32. f3 Kh7 33. Qc2 Rf7 34. Be1 Bf6 35. Kh1 Kg7 36. Bf2 Nh7 37. Be6 Re7 38. Ng4 g5 39. Bf5 Nf8 40. Qd1 Qb8 41. Qe1 Be8 42. Kh2 Rxb4 43. Rxc7 Rxc7 44. Rxc7+ Qxc7 45. Qxb4 Bb5 46. Bb6 Qb8 47. Qc3 Bd8 48. Nxe5 dxe5 49. Bxd8 Qxd8 50. Qxe5+ Qf6 51. Qc7+ Qf7 52. d6 Bd7 53. Bg4 Bxg4 54. hxg4 Qd7 55. Qc5 Ne6 56. Qe5+ Kf7 57. Qf5+ Ke8 58. e5 Qf7 59. Qe4 Qa7 60. Qc6+ Kf7 61. Qc2 Ng7 62. Qc7+ Qxc7 63. dxc7 Ne6 64. c8Q 1-0

[Event "RUS Cup Qualifier 4"]
[Site "chessassistantclub.com INT"]
[Date "2004.11.25"]
[Round "?"]
[White "Starosek, Konstantin"]
[Black "Gajsin, Evgenij"]
[Result "0-1"]
[WhiteElo "2488"]
[BlackElo "2400"]
[PlyCount "82"]
[EventDate "2004.11.25"]
[EventType "swiss (blitz)"]
[EventRounds "13"]
[EventCountry "RUS"]
[SourceTitle "CBM 103 Extra"]
[Source "ChessBase"]
[SourceDate "2005.01.01"]
[SourceVersion "1"]
[SourceVersionDate "2005.01.01"]
[SourceQuality "1"]

1. Nf3 g6 2. g3 Bg7 3. d4 Nf6 4. Bg2 0-0 5. 0-0 d6 6. Nc3 Nbd7 7. e4 e5 8. Re1 Re8 9. h3 c6 10. a4 a5 11. Be3 Qe7 12. Qd2 exd4 13. Bxd4 Ne5 14. Nh2 Be6 15. Rad1 c5 16. Be3 Nc4 17. Qc1 Nxe3 18. Qxe3 Rad8 19. Qd3 Bd7 20. Nf1 Bc6 21. f4 Qc7 22. Kh2 Qb6 23. b3 Qb4 24. Re3 h5 25. Nd2 h4 26. g4 d5 27. Na2 Qa3 28. e5 Qxa2 29. exf6 Bxf6 30. g5 Bg7 31. Rxe8+ Rxe8 32. Nf3 Qa3 33. f5 Qb4 34. fxg6 Qf4+ 35. Kh1 fxg6 36. Qxg6 d4 37. Qh5 Re2 38. Rf1 Qg3 39. Rg1 Rxg2 40. Rxg2 Qxf3 41. Qxf3 Bxf3 0-1

[Event "RUS Cup Qualifier 3"]
[Site "chessassistantclub.com INT"]
[Date "2004.10.21"]
[Round "?"]
[White "Starosek, Konstantin"]
[Black "Chuprov, Dmitry"]
[Result "1-0"]
[WhiteElo "2488"]
[BlackElo "2465"]
[PlyCount "127"]
[EventDate "2004.10.21"]
[EventType "swiss (blitz)"]
[EventRounds "13"]
[EventCountry "RUS"]
[SourceTitle "EXT 2006"]
[Source "ChessBase"]
[SourceDate "2005.11.24"]
[SourceVersion "1"]
[SourceVersionDate "2005.11.24"]
[SourceQuality "1"]

1. Nf3 c5 2. g3 Nc6 3. Bg2 e5 4. d3 d5 5. 0-0 Nf6 6. Nbd2 Be7 7. e4 0-0 8. exd5 Nxd5 9. Re1 f6 10. c3 Bg4 11. h3 Bh5 12. Qb3 Bf7 13. Qxb7 Na5 14. Qb5 Be8 15. Qa6 Rb8 16. Nc4 Nxc4 17. dxc4 Nc7 18. Qa3 Qd3 19. Qxa7 Qd8 20. Qa3 Bc6 21. Be3 Ne6 22. b3 Qb6 23. Qb2 Qb7 24. Nh4 Bxg2 25. Nxg2 f5 26. f4 g5 27. Qf2 Bd6 28. Rad1 Qc7 29. Bc1 gxf4 30. gxf4 e4 31. Rd5 Rf6 32. Be3 Kh8 33. Red1 Rd8 34. b4 Rg6 35. bxc5 Bxf4 36. Rxd8+ Nxd8 37. Bxf4 Qc8 38. Be5+ Kg8 39. Qd4 Nf7 40. Bf4 h5 41. Kh2 Kh7 42. Ne3 Qg8 43. Qd5 Rf6 44. Rg1 Qe8 45. c6 Qxc6 46. Qxc6 Rxc6 47. a4 Ra6 48. Ra1 Nd8 49. a5 Ne6 50. Nd5 Nc5 51. Bc7 Rc6 52. Bb6 Na6 53. Kg3 Rxc4 54. Kf4 e3+ 55. Kxe3 Kg6 56. Kd3 Rh4 57. Be3 Kf7 58. Nf4 Nc7 59. a6 Na8 60. a7 Ke8 61. Rb1 Kd7 62. Rb8 Kc6 63. Rxa8 Kd6 64. Rf8 1-0

[Event "RUS Cup Qualifier 2"]
[Site "chessassistantclub.com INT"]
[Date "2004.09.30"]
[Round "?"]
[White "Starosek, Konstantin"]
[Black "Chebotarev, Oleg"]
[Result "0-1"]
[WhiteElo "2488"]
[BlackElo "2421"]
[PlyCount "78"]
[EventDate "2004.09.30"]
[EventType "swiss (blitz)"]
[EventRounds "13"]
[EventCountry "RUS"]
[SourceTitle "EXT 2006"]
[Source "ChessBase"]
[SourceDate "2005.11.24"]
[SourceVersion "1"]
[SourceVersionDate "2005.11.24"]
[SourceQuality "1"]

1. Nf3 d5 2. g3 Nf6 3. Bg2 c6 4. 0-0 Bf5 5. d3 e6 6. Nbd2 Be7 7. b3 0-0 8. Bb2 a5 9. a3 h6 10. c4 Nbd7 11. Qc2 Qb8 12. Bc3 Rc8 13. Qb2 b5 14. cxb5 cxb5 15. b4 Nb6 16. Be5 Na4 17. Qb3 Qb7 18. Rfc1 axb4 19. axb4 Nd7 20. Bd4 Rxc1+ 21. Rxc1 Rc8 22. Re1 Bh7 23. h3 Nb8 24. e4 dxe4 25. Nxe4 Nc6 26. Bc5 Bxe4 27. dxe4 Nxc5 28. bxc5 Bxc5 29. e5 Qb6 30. Re2 Rd8 31. Rb2 b4 32. Bf1 g6 33. Rb1 Bxf2+ 34. Kh1 Bxg3 35. Qc2 Nxe5 36. Nxe5 Bxe5 37. Bg2 Kg7 38. Qe4 Bf6 39. Qxb4 Rd1+ 0-1

[Event "RUS Cup Qualifier 2"]
[Site "chessassistantclub.com INT"]
[Date "2004.09.30"]
[Round "?"]
[White "Starosek, Konstantin"]
[Black "Pugachov, Alexey"]
[Result "0-1"]
[WhiteElo "2488"]
[BlackElo "2499"]
[PlyCount "78"]
[EventDate "2004.09.30"]
[EventType "swiss (blitz)"]
[EventRounds "13"]
[EventCountry "RUS"]
[SourceTitle "EXT 2006"]
[Source "ChessBase"]
[SourceDate "2005.11.24"]
[SourceVersion "1"]
[SourceVersionDate "2005.11.24"]
[SourceQuality "1"]

1. Nf3 Nf6 2. g3 d5 3. Bg2 Bg4 4. 0-0 c6 5. d3 Nbd7 6. Nbd2 e5 7. e4 dxe4 8. dxe4 Be7 9. h3 Bxf3 10. Qxf3 0-0 11. Nc4 Qc7 12. b3 Rfe8 13. Bb2 a5 14. a4 Bf8 15. Rad1 Nc5 16. Qf5 Nfd7 17. f4 g6 18. Qg4 exf4 19. gxf4 Rad8 20. Bc3 Nxe4 21. Bxa5 b6 22. Bxe4 Rxe4 23. Bc3 f5 24. Qh4 Rde8 25. Ne5 Nxe5 26. Bxe5 R8xe5 27. Qd8 Qxd8 28. Rxd8 Re8 29. Rxe8 Rxe8 30. Rd1 Kf7 31. Rd7+ Re7 32. Rd8 Re2 33. Rc8 Rxc2 34. Rc7+ Be7 35. Rb7 Rc3 36. b4 Rb3 37. a5 bxa5 38. b5 Rxb5 39. Rd7 a4 0-1

[Event "RUS Cup Qualifier 1"]
[Site "chessassistantclub.com INT"]
[Date "2004.09.07"]
[Round "?"]
[White "Kharlov, Andrei"]
[Black "Starosek, Konstantin"]
[Result "1-0"]
[WhiteElo "2591"]
[BlackElo "2488"]
[PlyCount "75"]
[EventDate "2004.09.07"]
[EventType "swiss (blitz)"]
[EventRounds "13"]
[EventCountry "RUS"]
[SourceTitle "EXT 2006"]
[Source "ChessBase"]
[SourceDate "2005.11.24"]
[SourceVersion "1"]
[SourceVersionDate "2005.11.24"]
[SourceQuality "1"]

1. e4 g6 2. d4 Bg7 3. Nc3 a6 4. Be3 b5 5. a4 b4 6. Nce2 Bb7 7. Ng3 h5 8. Bd3 h4 9. N3e2 e6 10. h3 d6 11. Qd2 a5 12. c3 bxc3 13. bxc3 Nd7 14. Nf3 e5 15. dxe5 Nxe5 16. Nxe5 Bxe5 17. 0-0 Ne7 18. Bg5 Bg7 19. Rfb1 Bc6 20. Nd4 Bd7 21. Bb5 f6 22. Ne6 Qc8 23. Nxg7+ Kf7 24. Qf4 Ng8 25. Bxh4 Kxg7 26. Bg3 Be6 27. Bc6 Rb8 28. Bd5 Bxd5 29. exd5 Ne7 30. c4 Qd7 31. Re1 Nf5 32. Re6 Rb4 33. Rae1 Qxa4 34. Re7+ Kf8 35. Rxc7 Rh5 36. Qe4 Rb3 37. Bxd6+ Kg8 38. Qe8+ 1-0

[Event "RUS Cup Qualifier 1"]
[Site "chessassistantclub.com INT"]
[Date "2004.09.07"]
[Round "?"]
[White "Starosek, Konstantin"]
[Black "Lysyj, Igor"]
[Result "1/2-1/2"]
[WhiteElo "2488"]
[BlackElo "2470"]
[PlyCount "153"]
[EventDate "2004.09.07"]
[EventType "swiss (blitz)"]
[EventRounds "13"]
[EventCountry "RUS"]
[SourceTitle "EXT 2006"]
[Source "ChessBase"]
[SourceDate "2005.11.24"]
[SourceVersion "1"]
[SourceVersionDate "2005.11.24"]
[SourceQuality "1"]

1. Nf3 Nf6 2. g3 b6 3. Bg2 Bb7 4. 0-0 e6 5. d3 d5 6. Nbd2 c5 7. e4 Nc6 8. Re1 Be7 9. e5 Nd7 10. Nf1 g5 11. h3 h5 12. N1h2 Rg8 13. g4 h4 14. c3 Qc7 15. d4 0-0-0 16. Be3 f6 17. exf6 Bxf6 18. Qd2 Na5 19. b3 Nc6 20. Bxg5 Rdf8 21. Bf4 Qd8 22. Rxe6 Re8 23. Rae1 Rxe6 24. Rxe6 Re8 25. Qe3 Rxe6 26. Qxe6 Qe7 27. Qxe7 Nxe7 28. Bg5 Ng6 29. Bxf6 Nxf6 30. Ne5 Nf4 31. g5 N6h5 32. Bf1 Kd8 33. Nhf3 Ne6 34. g6 Ke7 35. dxc5 bxc5 36. Nxh4 Kf6 37. Nhf3 Nhf4 38. Kh2 d4 39. cxd4 cxd4 40. Kg3 Bxf3 41. Nxf3 Kxg6 42. Nxd4 Nh5+ 43. Kh4 Nxd4 44. Bd3+ Kh6 45. Kg4 Nf6+ 46. Kf4 Kg7 47. Ke5 Nf3+ 48. Kd6 Ng5 49. Bf5 Nfe4+ 50. Kc7 Nxf2 51. Kb7 Nd1 52. a4 a5 53. Kb6 Kf6 54. Bg4 Ne3 55. Kxa5 Ke5 56. Kb6 Kd6 57. a5 Nd5+ 58. Kb7 Nb4 59. a6 Nxa6 60. Kxa6 Ne4 61. b4 Nc3 62. Ka5 Ke5 63. Bd7 Kf6 64. Bc6 Ke7 65. Kb6 Na2 66. b5 Nc3 67. Kc5 Nxb5 68. Bxb5 Kf6 69. Kd5 Kg7 70. Bd3 Kh8 71. Ke5 Kg7 72. Kf5 Kh8 73. Kg6 Kg8 74. h4 Kh8 75. h5 Kg8 76. h6 Kh8 77. h7 1/2-1/2

[Event "RUS-chT 09th Group1"]
[Site "Ekaterinburg"]
[Date "2002.05.17"]
[Round "1"]
[White "Svidler, Peter"]
[Black "Starosek, Konstantin"]
[Result "1/2-1/2"]
[WhiteElo "2688"]
[BlackElo "2495"]
[PlyCount "59"]
[EventDate "2002.05.17"]
[EventType "team-tourn"]
[EventRounds "7"]
[EventCountry "RUS"]
[SourceTitle "EXT 2020"]
[Source "ChessBase"]
[SourceDate "2019.10.17"]
[SourceVersion "1"]
[SourceVersionDate "2019.10.17"]
[SourceQuality "1"]
[WhiteTeam "Sankt Petersburg Lentransgaz"]
[BlackTeam "Omsk Lidrikh"]
[WhiteTeamCountry "RUS"]
[BlackTeamCountry "RUS"]

1. e4 c5 2. Nf3 Nc6 3. Nc3 e5 4. Bc4 Be7 5. d3 d6 6. Nd2 Nf6 7. Nf1 Bg4 8. f3 Be6 9. Ne3 0-0 10. 0-0 Rb8 11. Ned5 Nd7 12. a3 a6 13. g3 b5 14. Ba2 Kh8 15. Be3 f5 16. exf5 Bxf5 17. Ne4 Nb6 18. Nxb6 Qxb6 19. c3 Qd8 20. Bd5 Qd7 21. b4 Be6 22. Qb3 Nd8 23. f4 Rc8 24. fxe5 dxe5 25. Rxf8+ Bxf8 26. Rf1 Be7 27. Bxe6 Nxe6 28. Bxc5 Nxc5 29. Nxc5 Bxc5+ 30. bxc5 1/2-1/2

[Event "RUS-Cup3"]
[Site "Omsk"]
[Date "1996.??.??"]
[Round "3"]
[White "Dvoirys, Semen I"]
[Black "Starosek, Konstantin"]
[Result "1/2-1/2"]
[WhiteElo "2570"]
[BlackElo "2475"]
[PlyCount "53"]
[EventDate "1996.12.13"]
[EventType "swiss"]
[EventRounds "9"]
[EventCountry "RUS"]
[SourceTitle "CBM 057"]
[Source "ChessBase"]
[SourceDate "1997.04.01"]
[SourceVersion "1"]
[SourceVersionDate "1997.04.01"]
[SourceQuality "1"]

1. e4 c5 2. Nf3 Nc6 3. d4 cxd4 4. Nxd4 e5 5. Nb5 d6 6. c4 Be7 7. N1c3 a6 8. Na3 Be6 9. Nc2 Bg5 10. Bxg5 Qxg5 11. Nd5 Rc8 12. g3 Nh6 13. Bg2 f5 14. f4 Qg6 15. 0-0 0-0 16. Ncb4 Qe8 17. Nxc6 bxc6 18. Ne3 Qe7 19. fxe5 Qa7 20. Qe2 dxe5 21. exf5 Nxf5 22. Rae1 Nd4 23. Qd3 Qc7 24. Kh1 a5 25. b3 Rxf1+ 26. Rxf1 Rf8 27. Qe4 1/2-1/2

[Event "RUS-Cup3"]
[Site "Omsk"]
[Date "1996.??.??"]
[Round "4"]
[White "Makarov, Marat"]
[Black "Starosek, Konstantin"]
[Result "1/2-1/2"]
[WhiteElo "2560"]
[BlackElo "2475"]
[PlyCount "53"]
[EventDate "1996.12.13"]
[EventType "swiss"]
[EventRounds "9"]
[EventCountry "RUS"]
[SourceTitle "CBM 057"]
[Source "ChessBase"]
[SourceDate "1997.04.01"]
[SourceVersion "1"]
[SourceVersionDate "1997.04.01"]
[SourceQuality "1"]

1. Nf3 Nf6 2. c4 g6 3. d4 Bg7 4. g3 0-0 5. Bg2 d6 6. 0-0 Nbd7 7. Qc2 e5 8. Rd1 Re8 9. e4 Qe7 10. Nc3 exd4 11. Nxd4 c6 12. Be3 Ng4 13. Bf4 Nge5 14. b3 Nc5 15. h3 a5 16. Be3 a4 17. Rab1 axb3 18. axb3 f6 19. f4 Nf7 20. Bf2 f5 21. Re1 Qf6 22. b4 Nxe4 23. Nxe4 fxe4 24. Rxe4 Bd7 25. Rbe1 Rxe4 26. Qxe4 Ra2 27. Re2 1/2-1/2

[Event "Minsk op"]
[Site "Minsk"]
[Date "1994.??.??"]
[Round "8"]
[White "Daniliuk, Sergey"]
[Black "Starosek, Konstantin"]
[Result "1/2-1/2"]
[WhiteElo "2440"]
[BlackElo "2465"]
[PlyCount "63"]
[EventDate "1994.??.??"]
[EventType "swiss"]
[EventRounds "9"]
[EventCountry "BLR"]
[SourceTitle "EXT 1997"]
[Source "ChessBase"]
[SourceDate "1996.11.15"]
[SourceVersion "1"]
[SourceVersionDate "1996.11.15"]
[SourceQuality "1"]

1. e4 g6 2. d4 Bg7 3. Nc3 a6 4. f4 b5 5. Nf3 Bb7 6. Bd3 Nh6 7. 0-0 f5 8. e5 0-0 9. a4 b4 10. Na2 Qc8 11. Bc4+ e6 12. d5 a5 13. c3 Ba6 14. Qb3 Bxc4 15. Qxc4 Qa6 16. Qxa6 Nxa6 17. cxb4 axb4 18. dxe6 dxe6 19. Bd2 c5 20. Rac1 Rfd8 21. Rc4 Nf7 22. h4 Rd5 23. Nc1 Nd8 24. Nb3 Nb7 25. Kf2 Bf8 26. Be3 Nb8 27. Ra1 Be7 28. Ke2 Nc6 29. Nfd2 Nca5 30. Rc2 h5 31. g3 Kf7 32. Rac1 1/2-1/2

[Event "Minsk op"]
[Site "Minsk"]
[Date "1994.??.??"]
[Round "5"]
[White "Rustemov, Alexander"]
[Black "Starosek, Konstantin"]
[Result "1/2-1/2"]
[WhiteElo "2435"]
[BlackElo "2465"]
[PlyCount "114"]
[EventDate "1994.??.??"]
[EventType "swiss"]
[EventRounds "9"]
[EventCountry "BLR"]
[SourceTitle "EXT 1997"]
[Source "ChessBase"]
[SourceDate "1996.11.15"]
[SourceVersion "1"]
[SourceVersionDate "1996.11.15"]
[SourceQuality "1"]

1. d4 Nf6 2. Nf3 g6 3. c4 d6 4. Nc3 Bg7 5. g3 0-0 6. Bg2 c6 7. 0-0 Bf5 8. Nh4 Be6 9. d5 cxd5 10. cxd5 Bd7 11. Be3 Na6 12. Bd4 Nc7 13. e4 a5 14. h3 b5 15. f4 b4 16. Ne2 Nb5 17. Be3 Qb8 18. Qd2 Rc8 19. e5 dxe5 20. fxe5 Ne8 21. d6 Bxe5 22. dxe7 Bc6 23. Bd5 Nf6 24. Bxc6 Rxc6 25. Nf4 Qe8 26. Nd5 Rd6 27. Rxf6 Bxf6 28. Bc5 Rxd5 29. Qxd5 Nc7 30. Qb7 Ne6 31. Bd6 Bd4+ 32. Kh1 Ra7 33. Qd5 Rd7 34. Re1 Qxe7 35. Qxd4 Qxd6 36. Qxd6 Rxd6 37. Nf3 a4 38. Re4 Rd3 39. Kg2 b3 40. Rxa4 bxa2 41. Rxa2 Nd4 42. Nxd4 Rxd4 43. b3 Rb4 44. Rb2 f5 45. Kf3 Kf7 46. Ke3 Ke6 47. Kd3 Kd5 48. Kc3 Re4 49. Rd2+ Kc5 50. Rd3 h5 51. Rf3 h4 52. gxh4 Rxh4 53. Rg3 g5 54. b4+ Kb5 55. Rxg5 Rxh3+ 56. Kd4 Kxb4 57. Rxf5 Rh4+ 1/2-1/2